Temples of Deccan India : Hindu and Jain, 7th to 13th Centuries (Record no. 12458)

000 -LEADER
fixed length control field 00380 a2200145 4500
003 - CONTROL NUMBER IDENTIFIER
control field OSt
005 - DATE AND TIME OF LATEST TRANSACTION
control field 20240117094522.0
008 - FIXED-LENGTH DATA ELEMENTS--GENERAL INFORMATION
fixed length control field 240117b ||||| |||| 00| 0 eng d
020 ## - INTERNATIONAL STANDARD BOOK NUMBER
International Standard Book Number 9781788841382
082 ## - DEWEY DECIMAL CLASSIFICATION NUMBER
Classification number 726.14
Item number MIC
100 ## - MAIN ENTRY--PERSONAL NAME
Personal name Michell, George
245 ## - TITLE STATEMENT
Title Temples of Deccan India : Hindu and Jain, 7th to 13th Centuries
260 ## - PUBLICATION, DISTRIBUTION, ETC. (IMPRINT)
Name of publisher, distributor, etc ACC Art Books
Date of publication, distribution, etc 2021
942 ## - ADDED ENTRY ELEMENTS (KOHA)
Source of classification or shelving scheme
Holdings
Withdrawn status Lost status Source of classification or shelving scheme Damaged status Koha normalized classification for sorting Not for loan Permanent location Current location Date acquired Source of acquisition Cost, normal purchase price Full call number Barcode Date last seen Cost, replacement price Price effective from Koha item type
        726_140000000000000_MIC   BMS College of Architecture, Design and Planning BMS College of Architecture, Design and Planning 2024-01-17 1 5450.63 726.14 MIC AR-UG3573 2024-01-17 7267.50 2024-01-17 UG Books
Copyright © 2025, The Librarian, Library and Information Centre, BMSCA D&P, Bengaluru. All Rights Reserved
web counter

Powered by Koha